|
|
|
|
| LEADER |
02720na a2200361 4500 |
| 001 |
000032953 |
| 003 |
9078 |
| 005 |
20230724162232.0 |
| 008 |
151009s2009 000 eng |
| 040 |
|
|
|a LNN
|
| 041 |
|
|
|a eng
|
| 082 |
|
|
|a 420.613
|b TR-T
|
| 100 |
1 |
|
|a Trần Thị Lệ Thương.
|
| 245 |
1 |
0 |
|a A discourse analysis of sports commentaries in English and Vietnamese newspapers
|h [Thesis-Luận văn thạc sĩ] /
|c Trần Thị Lệ Thương; Nguyễn Thị Quỳnh Hoa hướng dẫn.
|
| 260 |
|
|
|a Đà Nẵng :
|b Đại học Đà Nẵng,
|c 2009.
|
| 300 |
|
|
|a 132tr. ;
|c 29 cm. +
|e 1 tóm tắt.
|
| 500 |
|
|
|a M.A. thesis in the English language.
|
| 630 |
0 |
4 |
|a The English language.
|
| 650 |
0 |
4 |
|a Sports commentaries
|x Newspapers.
|
| 700 |
1 |
|
|a Nguyễn Thị Quỳnh Hoa,
|c Ph.D,
|e hướng dẫn.
|
| OWN |
|
|
|a LNN
|
| AVA |
|
|
|a UDN50
|b LNN
|c English
|d 420.613 TR-T
|e available
|t Error 5001 Not defined in file expand_doc_bib_avail.
|f 1
|g 0
|h N
|i 0
|j AN
|k 1
|
| Z40 |
3 |
|
|y A discourse analysis of sports commentaries in English and Vietnamese newspapers
|l Library of UFL
|t VIEW
|x http://catalog.udn.vn:80/F?func=service&doc_library=UDN01&local_base=UDN01&doc_number=000032953&sequence=000001&line_number=0001&func_code=DB_RECORDS&service_type=MEDIA
|f Summary_sauBV_000033869.pdf
|e pdf
|s 000496802
|k 20240416
|m NTMTHI
|
| Z40 |
3 |
|
|y A discourse analysis of sports commentaries in English and Vietnamese newspapers
|l Library of UFL
|t VIEW
|x http://catalog.udn.vn:80/F?func=service&doc_library=UDN01&local_base=UDN01&doc_number=000032953&sequence=000002&line_number=0002&func_code=DB_RECORDS&service_type=MEDIA
|f LuanvanchinhthucsauBVnewest_000033871.pdf
|e pdf
|s 001589931
|k 20240416
|m NTMTHI
|
| 999 |
|
|
|a From the UDN01
|
| AVA |
|
|
|a UDN50
|b LNN
|c English
|d 420.613 TR-T
|e available
|t Error 5001 Not defined in file expand_doc_bib_avail.
|f 1
|g 0
|h N
|i 0
|j AN
|k 1
|
| TYP |
|
|
|a Printed language
|
| 856 |
|
|
|y A discourse analysis of sports commentaries in English and Vietnamese newspapers
|l Library of UFL
|t VIEW
|x http://catalog.udn.vn:80/F?func=service&doc_library=UDN01&local_base=UDN01&doc_number=000032953&sequence=000001&line_number=0001&func_code=DB_RECORDS&service_type=MEDIA
|f Summary_sauBV_000033869.pdf
|e pdf
|s 000496802
|k 20240416
|m NTMTHI
|
| 856 |
|
|
|y A discourse analysis of sports commentaries in English and Vietnamese newspapers
|l Library of UFL
|t VIEW
|x http://catalog.udn.vn:80/F?func=service&doc_library=UDN01&local_base=UDN01&doc_number=000032953&sequence=000002&line_number=0002&func_code=DB_RECORDS&service_type=MEDIA
|f LuanvanchinhthucsauBVnewest_000033871.pdf
|e pdf
|s 001589931
|k 20240416
|m NTMTHI
|
| 980 |
|
|
|a Mạng thư viện Đại học Đà Nẵng
|